| 000 | 00374cam a2200145ua 4500 | ||
|---|---|---|---|
| 041 |
_aeng _h |
||
| 082 |
_a954.02 _bTRI/RI |
||
| 100 | _aTripathi, R.P . | ||
| 245 |
_aRise and fall of the mughal empire / _cR.P Tripathi. _hTextual Documents |
||
| 260 |
_aAllahabad : _bCentral book Depot. , _c1963. |
||
| 300 | _a528 ; . | ||
| 504 | _a | ||
| 942 | _cBK | ||
| 999 |
_c5366 _d5366 |
||